Juventus FIFA Club World Cup 2025 Squad - Statistics

General Stats
  • This quiz has been taken 37 times
  • The average score is 23 of 35
Answer Stats
# Position Nation Player Name % Correct
3 DF Brazil Bremer
100%
9 FW Serbia Dušan Vlahović
100%
7 FW Portugal Francisco Conceição
100%
10 FW Turkey Kenan Yıldız
97%
16 MF United States Weston McKennie
97%
18 MF Serbia Filip Kostić
93%
5 MF Italy Manuel Locatelli
93%
8 MF Netherlands Teun Koopmeiners
93%
22 FW United States Timothy Weah
93%
14 FW Poland Arkadiusz Milik
90%
6 DF England Lloyd Kelly
90%
29 GK Italy Michele Di Gregorio
90%
11 FW Argentina Nicolás González
90%
15 DF France Pierre Kalulu
87%
4 DF Italy Federico Gatti
83%
19 MF France Khéphren Thuram
80%
27 DF Italy Andrea Cambiasso
77%
- Coach Croatia Igor Tudor
77%
2 DF Portugal Alberto Costa
73%
23 GK Italy Carlo Pinsoglio
73%
24 DF Italy Daniel Rugani
73%
17 MF Montenegro Vasilije Adžić
70%
26 MF Brazil Douglas Luiz
63%
51 FW Belgium Samuel Mbangula
60%
40 DF Sweden Jonas Rouhi
50%
37 DF Italy Nicolò Savona
40%
64 GK Italy Giovanni Garofani
23%
38 GK Italy Giovanni Daffara
20%
41 DF Spain Javier Gil
20%
36 FW Italy Lorenzo Anghelè
17%
48 FW Italy Alessandro Pietrelli
13%
43 MF Italy Augusto Owusu
13%
56 FW Italy Nicolò Cudrig
13%
58 MF Italy Stefano Turco
13%
57 FW Italy Tommaso Mancini
13%
No matching quizzes found
Score Distribution
Percent of People with Each Score
Percentile by Number Answered
Your Score History
You have not taken this quiz